عرض عادي عرض مارك
  • عبيد، ماجدة بهاء الدين السيد

مدخل إسم شخص

عدد التسجيلات المستخدمة في: 1

001 - رقم الضبط

  • حقل الضبط: 17154

003 - معرف رقم الضبط

  • حقل الضبط: OSt

005 - تاريخ ووقت أخر عملية

  • حقل الضبط: 20120811072148.0

008 - عناصر بيانات ثابتة الطول

  • حقل تحكم ثابت الطول: 120811|||a|||||| | ||| d

040 ## - مصدر الفهرسة

  • هيئة الفهرسة الأصلية: OSt
  • وكالة الكتابة: OSt

100 ## - مدخل -- أسم شخص

  • إسم شخص: عبيد، ماجدة بهاء الدين السيد

670 ## - بيانات المصدر موجوده

  • الاستشهاد بالمصدر: Work cat.: (OSt)27853: عبيد، ماجدة بهاء الدين السيد, تأهيل المعاقين /, 2007